书目信息 |
| 题名: |
《固定式压力容器安全技术监察教程》释义
|
|
| 作者: | 谢铁军 主编 | |
| 分册: | ||
| 出版信息: | 北京 新华出版社 2009.09 |
|
| 页数: | 251页 | |
| 开本: | 30cm | |
| 丛书名: | ||
| 单 册: | ||
| 中图分类: | TH490.8 | |
| 科图分类: | ||
| 主题词: | 压力容器--安全技术--监督管理--规程 | |
| 电子资源: | ||
| ISBN: | 978-7-5011-8931-1 | |
| 000 | 00720nam0 2200205 450 | |
| 001 | 1152465859 | |
| 005 | 20111224143619.35 | |
| 010 | @a978-7-5011-8931-1@dCNY85.00 | |
| 100 | @a20111224d2009 km y0chiy0120 ea | |
| 101 | 0 | @achi |
| 102 | @aCN@b110000 | |
| 105 | @ak z 000yy | |
| 200 | 1 | @a《固定式压力容器安全技术监察教程》释义@A《gu ding shi ya li rong qi an quan ji shu jian cha jiao cheng》shi yi@f谢铁军 … [等] 主编@Fxie tie jun…[deng]zhu bian |
| 210 | @a北京@c新华出版社@d2009.09 | |
| 215 | @a251页@d30cm | |
| 606 | 0 | @a压力容器@x安全技术@x监督管理@x规程 |
| 690 | @aTH490.8@v4 | |
| 701 | 0 | @a谢铁军@Axie tie jun@4主编 |
| 801 | 0 | @aCN@b大连网信软件有限公司图书馆·11@c20111224 |
| 905 | @aZUCC@dTH490.8@eX460@f2 | |
| 《固定式压力容器安全技术监察教程》释义/谢铁军 … [等] 主编.-北京:新华出版社,2009.09 |
| 251页;30cm |
| ISBN 978-7-5011-8931-1:CNY85.00 |
| ● |
| 相关链接 |
|
|
|
正题名:《固定式压力容器安全技术监察教程》释义
索取号:TH490.8/X460
 
预约/预借
| 序号 | 登录号 | 条形码 | 馆藏地/架位号 | 状态 | 备注 |
| 1 | 1066826 | 210668268 | 自科库501/501自科库 135排3列1层/ [索取号:TH490.8/X460] | 在馆 | |
| 2 | 1066827 | 210668277 | 自科库501/501自科库 135排3列2层/ [索取号:TH490.8/X460] | 在馆 |